Statistics for Musical Instruments by First and Last Letter

Click here to take the quiz!

General Stats

  • This quiz has been taken 244 times
  • The average score is 12 of 15

Answer Stats

Instruments% Correct
V{IOLI}N
98%
H{AR}P
95%
V{IOL}A
95%
T{RUMPE}T
92%
X{YLOPHON}E
92%
F{LUT}E
90%
S{AXOPHON}E
89%
C{ELL}O
86%
P{ICCOL}O
86%
T{UB}A
83%
B{ASSOO}N
76%
M{ARIMB}A
58%
O{RGA}N
56%
C{YMBA}L(S)
53%
V{IBRAPHON}E
40%

Score Distribution

Percentile by Number Answered

Percent of People with Each Score

Your Score History

You have not taken this quiz